Penghayatan nasihat Rasulullah : sallallahu alaihi wassalam /

Bibliographic Details
Main Author: Abu Zharif Zihan
Format: Book
Published: Petaling Jaya: Kharisma Network, 2010.
Subjects:
LEADER 00751cam a2200229 7i4500
001 0000014778
005 20151104090000.0
005 ##20151104115000.0
003 ##MY-KlINT
020 # # |a 9789675029363  
039 # 9 |y 201511041150  |z VLOAD 
090 0 0 |a 297.63   |b ABU 
100 1 # |a Abu Zharif Zihan 
245 1 0 |a Penghayatan nasihat Rasulullah :   |b sallallahu alaihi wassalam /   |c Abu Zharif Zihan. 
260 # # |a Petaling Jaya:   |b Kharisma Network,   |c 2010. 
300 # # |a 144ms:   |b il, jawi;   |c 21cm. 
500 # # |a Mengandungi ayat-ayat dari Al-Quran 
650 # 0 |a Islamic ethics  
650 # 0 |a Islam --   |x Custom and practices  
650 # 0 |a Religion life --   |x Islam  
650 # 0 |a Soul (Islam) --   |x Koranic teaching  
999 |a 1112067738  |b BOOK  |c Main Non-Fiction  |e INTAN BK